000 02531cam a22005654i 4500
003 PE-LiUPU
005 20250731173329.0
008 150625s2008 sp rb 000 0 spa d
020 _a9788497151351
035 _a(Sirsi) i9788497151351
040 _aPE-LiUPU
_bspa
_cPE-LiUPU
_erda
049 _aPRUA
082 0 4 _a220.7
_bBCPIA
_221
245 0 0 _aProverbios, Eclesiastés, Cantar de los cantares /
_cobra preparada por J. Robert Wright ; editor general Thomas C. Oden ; director de la edición en español, Marcelo Merino Rodríguez.
264 1 _aMadrid :
_bCiudad Nueva,
_c2008.
300 _a533 p ;
_c25 centímetros.
336 _atext
_2rdacontent
337 _aunmediated
_2rdamedia
338 _avolume
_2rdacarrier
490 0 _aLa Biblia Comentada por los Padres de la Iglesia. Antiguo Testamento ;
_v10
504 _aIncluye bibliografía.
505 0 _aProverbios -- Texto y comentarios -- Exlesiastés -- Texto y comentarios -- Cantar de los Cantares -- Texto y Comentarios.
526 _aSEG42
526 _aSEG41
526 _aSEG40
526 _aSEG39
526 _aP94
526 _aP87
526 _aP86
526 _aP85
526 _aP77
526 _aP76
526 _aP35
541 _g006-0035866;
541 _g007-0021089;
630 _aBiblia.
_pA.T.
_pEclesiastés
_xComentarios.
630 _aBiblia.
_pA.T.
_pEclesiastés
_xComentarios.
630 _aBiblia.
_pA.T.
_pProverbios
_xComentarios.
700 1 _aMerino Rodríguez, Marcelo,
_edirector.
700 1 _aOden, Thomas C.,
_eeditor.
700 1 _aWrigth, J. Robert,
_eprep.
910 _bjv
_clch
_d20090114
942 _2ddc
_cBOOK
949 _a220.7 BCPIA 10
_wDEWEY
_c1
_i59147
_d2016-6-6
_e2016-5-31
_lCCODEBUL1
_mBUL
_n2
_p62.00
_r0
_sY
_tBOOK
_u2015-6-25
_xTEOLOGIA
_zUNKNOWN
_0COMPRA
_o.STAFF. Colección General
949 _a220.7 BCPIA 10
_wDEWEY
_c2
_i62508
_lCCODEBUL1
_mBUL
_p58.00
_r0
_sY
_tBOOK
_u2015-6-25
_xTEOLOGIA
_PP35
_0COMPRA
_o.STAFF. Colección General
994 _aC0
_bPEPRU
596 _a1
999 _a220.7 BCPIA 10
_wDEWEY
_c47963
_i59147
_d47963
_e2016-5-31
_f2021-11-9
_g5
_lCCODEBUL1
_mBUL
_n2
_p62.00
_r0
_sY
_tBOOK
_u2015-6-25
_xTEOLOGIA
_PP35
_0COMPRA
_o.STAFF. Colección Teología
999 _a220.7 BCPIA 10
_wDEWEY
_c2
_i62508
_d2019-11-25
_f2021-11-9
_g5
_lCCODEBUL1
_mBUL
_p58.00
_q1
_r0
_sY
_tBOOK
_u2015-6-25
_xTEOLOGIA
_PP35
_0COMPRA
_o.STAFF. Colección General
980 _81
_gALBERTO SANCHEZ Responsable de Automatización